| 000 | 00354nam a22001097a 4500 | ||
|---|---|---|---|
| 008 | 160725b xxu||||| |||| 00| 0 eng d | ||
| 022 | _a9970-511-00-8 | ||
| 245 |
_aThe trials and tribulations of rtd .col.dr. Kizza Besigye and 22 others _cNaluwairo, Ronald |
||
| 260 |
_aKampala, Uganda _bMakerere University _cc,2006 |
||
| 300 |
_av. _c25cm |
||
| 942 |
_2ddc _cPER |
||
| 999 |
_c8485 _d8485 |
||